Základy manažmentu : Praktikum

Salvato in:
Dettagli Bibliografici
Autore principale: Majtán, Miroslav (Autore)
Natura: Libro
Lingua:slovacco
Pubblicazione: Bratislava : Ekonóm, 1995
Edizione:1. vyd.
Soggetti:
Tags: Aggiungi Tag
Nessun Tag, puoi essere il primo ad aggiungerne!!

MARC

LEADER 00000nam a22000003a 4500
001 stu32771
005 20150617225735.6
008 960507s1995----xo------------------slo-d
020 |a 80-225-0699-0 
040 |a STU  |b slo 
041 0 |a slo 
044 |a xo 
080 |a 658.012.4 
100 1 |a Majtán, Miroslav  |4 aut 
245 1 |a Základy manažmentu :  |b Praktikum 
250 |a 1. vyd. 
260 |a Bratislava :  |b Ekonóm,  |c 1995 
300 |a 116 s 
650 7 |a manažment  |2 stusub 
996 |b 284J031942  |c J*92162  |l JJST  |s P  |a 0  |w stu32771_0001